Principios y cálculos básicos de la ingeniería química /
Guardado en:
| Autor Principal: | |
|---|---|
| Formato: | Libro |
| Idioma: | Spanish English |
| Publicado: |
México :
Compañia Editorial Continental (CECSA) : Prentice Hall,
1977.
|
| Edición: | 1ra ed. en español de la 3ra ed. en inglés. |
| Materias: | |
| Etiquetas: |
Agregar Etiqueta
Sin Etiquetas, Sea el primero en etiquetar este registro!
|
| LEADER | 00920nam a22002175a 4500 | ||
|---|---|---|---|
| 001 | EIQ.libpla004562 | ||
| 008 | 050823s1977####mx#a#####b####001#0#spa#d | ||
| 005 | 20151006122350.0 | ||
| 245 | 1 | 0 | |a Principios y cálculos básicos de la ingeniería química / |c Himmelblau, David M. |
| 250 | |a 1ra ed. en español de la 3ra ed. en inglés. | ||
| 260 | |a México : |b Compañia Editorial Continental (CECSA) : |b Prentice Hall, |c 1977. | ||
| 300 | |a 583 p. : |b il., tablas ; |c 22,5 cm. | ||
| 500 | |a Traducido por Antonio Eroles Gómez. | ||
| 500 | |a Título original en inglés: Basic principles and calculations in chemical engineering. | ||
| 504 | |a Incluye referencias bibliográficas e índice. | ||
| 100 | 1 | |a Himmelblau, David M., |d 1923- | |
| 650 | 4 | |a Ingeniería química |x Tablas | |
| 650 | 0 | |a Chemical engineering |x Tables | |
| 040 | |a AR-BbSID |b spa |c AR-BbSID | ||
| 041 | 1 | |a spa |h eng | |
| 859 | |a AR-BbSID |b BIB. PLAPIQUI |h 660.76 |i H576 |p 6450 | ||
